Ovinos de carne : manual para su manejo :

Guardado en:
Autor Principal: Estrada, Tomas N. de
Formato: Libro
Publicado: Buenos Aires : Asociación Argentina de criadores de Hampshire Down, 2006
Materias:
Etiquetas: Agregar Etiqueta
Sin Etiquetas, Sea el primero en etiquetar este registro!
LEADER 01022nam a22002175a 4500
001 CEM.cems017487
005 20110504113402.0
008 130507s2006##################000#0#####d
003 CEMS
020 |a 9789872304409 
082 0 4 |a 636.3 
100 1 |a Estrada, Tomas N. de 
245 1 0 |a Ovinos de carne :  |b manual para su manejo :  |c Coordinado Por Tomas N. de Estrada 
260 |a Buenos Aires :  |b Asociación Argentina de criadores de Hampshire Down,  |c 2006 
300 |a 126 p. 
505 0 |a Evolución en la cría de raza Hampshire Down -- Características zootécnicas -- Mejoramiento genético -- Manejo reproductivo de los ovinos -- Manejo sanitario de los ovinos -- Aspectos comerciales de la carne ovina en Argentina -- Industria frigorífica -- Reglamento del Puro de Origen -- Alternativa para la producción de carne en la Pampa Húmeda y la Mesopotamia 
653 |a Ovinos 
653 |a Ovejas 
653 |a Hamspshire down 
653 |a Ovinos de carne 
859 |a CEMS  |b BIB. CEMS - Agricultura  |h 636.3  |i Ov4  |p A1281.11  |t Ej.1